| 000 | 00648nam a2200169 a 4500 | ||
|---|---|---|---|
| 003 | 0 | ||
| 005 | 20250625143905.0 | ||
| 008 | 030604s19uu xx 00 eng d | ||
| 050 |
_aPHS HQ 117 _b.C86 1998 |
||
| 100 | _aCuneta, Juan Paolo J. | ||
| 245 |
_aThe Perception of the people living in Parañaque on prostitution / _cJuan Paolo T. Cuneta. |
||
| 260 |
_aLas Piñas City, Philippines : _bSouthville International School and Colleges, _c1998. |
||
| 300 |
_avarious pagination ; _c29 cm. |
||
| 650 |
_aProstitution _xPublic opinion _zPhilippines _zParañaque. |
||
| 650 |
_aProstitution _xSocial aspects _zPhilippines _zParañaque. |
||
| 942 |
_2lcc _cPASS |
||
| 999 |
_c96941 _d96941 |
||